000
00301nam a2200109Ia 4500
005
20251222153605.0
008
251222s9999||||xx |||||||||||||| ||spa||
082
_a
658.1/B13H/C
100
_a
"OrtÃz de Zevallos, Gabriel, ed."
245
0
_a
Herramientas empresariales: cuaderno de trabajo
942
_c
LIB
999
_c
31384
_d
31384